00533nam a2200157 a 450000100100000000500170001000800410002702000150006804000250008308200150010810000240012324500920014726000820023930000210032150000330034200000539120200929151649.0090819s1984 sp 001 0 spa d a8400058151 aDO-SdBNPbspacBNPHU axxxxbO75n1 aOrringer, Nelson R.10aNuevas fuentes germánicas de ¿qué es filosofía? de Ortega /cNelson R. Orringer. aMadrid, España :bConsejo Superior de Investigaciones Científicas,c1984. a147 p. ;c21 cm. aIncluye índice analítico